|
|
|
|
| LEADER |
00930nam a22002652a 4500 |
| 001 |
001446903 |
| 003 |
CZ BrMZK |
| 005 |
20150106171657.0 |
| 007 |
ta |
| 008 |
150106s1955 xr er|||||||||||cze d |
| 015 |
|
|
|a cnb002370092
|
| 040 |
|
|
|a ABA001
|b cze
|d BOA001
|
| 100 |
1 |
|
|a Gawrecki, Drahoslav,
|d 1919-1988
|7 jk01032346
|4 aut
|4 ill
|
| 245 |
1 |
0 |
|a Lístkovnice :
|b popis a rozbor zařízení Státní vědecké knihovny v Ostravě /
|c Drahoslav Gawrecki
|
| 250 |
|
|
|a 1. prozatímní vyd.
|
| 260 |
|
|
|a Ostrava :
|b Státní vědecká knihovna,
|c 1955
|
| 300 |
|
|
|a 54 s.
|
| 490 |
1 |
|
|a Příručky Státní vědecké knihovny v Ostravě ;
|v č. 56
|
| 504 |
|
|
|a Obsahuje bibliografii
|
| 810 |
2 |
|
|a Státní vědecká knihovna v Olomouci.
|t Příručky
|
| 910 |
|
|
|a BOA001
|b 2-0336.773
|
| 990 |
|
|
|a BK
|
| 995 |
|
|
|a 01
|
| 991 |
|
|
|b 201501
|
| 996 |
6 |
|
|b 2618990701
|c 2-0336.773
|l MZK
|r Sklad / do 24 hodin
|n 0
|w 001481315
|u 000010
|a 1
|e BOA001
|j MZK50
|s P
|